CSME Companion Corporate Strategic Management and Ethics (Record no. 2117)

MARC details
000 -LEADER
fixed length control field 00381nam a22001457a 4500
008 - FIXED-LENGTH DATA ELEMENTS--GENERAL INFORMATION
fixed length control field 250306b |||||||| |||| 00| 0 eng d
020 ## - INTERNATIONAL STANDARD BOOK NUMBER
ISBN 9789789494750
100 ## - MAIN ENTRY--AUTHOR
Author Babatunde Fakunle
245 ## - TITLE STATEMENT
Title CSME Companion Corporate Strategic Management and Ethics
250 ## - EDITION STATEMENT
Edition statement 3rd
260 ## - PUBLICATION, DISTRIBUTION, ETC. (IMPRINT)
Place of publication Lagos
Name of publisher Babatunde Fakunle
Date of publication 2018
300 ## - COLLATION
Pagination 408p.
942 ## - ADDED ENTRY ELEMENTS (KOHA)
Item type Books
050 ## - LIBRARY OF CONGRESS CALL NUMBER
Classification number HD 38.2
Item number .B33
Holdings
Source of classification or shelving scheme Not for loan Permanent location Current location Date acquired Accession No. Full call number Barcode. Koha item type
Library of Congress Classification   Samuel Ogbemudia Main Library, University of Abuja Samuel Ogbemudia Main Library, University of Abuja 03/06/2025 2021/58164 HD 38.2.B33 2025-0303 Books